000 00729nam0a22002651 4500
001 RU\NLR\INFOCOMM6\ROSSICA\1000354584
005 20250613190309.0
035 _a(NLR Aleph) 009907052
090 _a10599445
_c10599445
100 _a20030707d1902 |||y0rusy50 ca
101 0 _ager
102 _aRU
105 _ay ||||000ay
200 1 _aDie Geschichte der St.Petersburger Zeitung
_e1727-1902
_fCarl Eichhorn
210 _aSt.Petersburg
_d1902
215 _d
300 _aИздание с приложениями
700 1 _aEichhorn
_bC.
_gCarl
_4070
801 1 _aRU
_bInfoComm
_c20030707
801 0 _aRU
_bNLR
_gPSBO
852 _aNLR
_j21.8.7.74
942 _cBOOK
980 _aNB
980 _aRossica